000 01288nam a22003254a 4500
001 ebr5004019
003 CaPaEBR
006 m u
007 cr cn|||||||||
008 001027s2001 enka sb 001 0 eng
010 _z 00053091
020 _z9781846422201
020 _z1853028045 (pbk.)
040 _aCaPaEBR
_cCaPaEBR
035 _a(OCoLC)228040051
050 1 4 _aRC489.R46
_bS953 2001eb
082 0 4 _a616.89/14
_221
100 1 _aSwinton, John,
_d1957-
245 1 0 _aSpirituality and mental health care
_h[electronic resource] :
_brediscovering a 'forgotten' dimension /
_cJohn Swinton.
260 _aLondon ;
_aPhiladelphia :
_bJ. Kingsley Publishers,
_cc2001.
300 _a221 p. :
_bill.
504 _aIncludes bibliographical references (p. 191-210) and indexes.
533 _aElectronic reproduction.
_bPalo Alto, Calif. :
_cebrary,
_d2013.
_nAvailable via World Wide Web.
_nAccess may be limited to ebrary affiliated libraries.
650 0 _aMental health
_xReligious aspects.
650 0 _aPsychotherapy
_xReligious aspects.
650 0 _aSpirituality.
655 7 _aElectronic books.
_2local
710 2 _aebrary, Inc.
856 4 0 _uhttp://site.ebrary.com/lib/rucke/Doc?id=5004019
_zAn electronic book accessible through the World Wide Web; click to view
999 _c702
_d702